000 00388nam a22001697a 4500
003 NUS
020 _a817409203-X
038 _akhadija
082 _a621.902
_bNAG
100 _aNagpal, G.R
_983710
245 _aTool Engineering & Design /
_cG.R. Nagpal
260 _aNew Delhi:
_bKhanna;
_c2009.
300 _a705;
_b705p. ;
500 _aPaperback.
563 _aPB
942 _cBK
_2ddc
999 _c32570
_d32570